[Event "Sodingen 2- Kamen 2"]
[Site "?"]
[Date "2022.11.06"]
[Round "4.2"]
[White "Zwielich, Frank"]
[Black "Bals, Jochen"]
[Result "1/2-1/2"]
[WhiteElo "2064"]
[BlackElo "1907"]
[PlyCount "69"]
[SourceDate "2022.10.02"]

1. d4 Nf6 2. g3 d5 3. Bg2 Bf5 4. c4 c6 5. Nd2 e6 6. Ngf3 Nbd7 7. O-O Bd6 8. b3
h6 9. Bb2 Qb8 10. Re1 O-O 11. Nh4 Bh7 12. e4 g5 13. e5 gxh4 14. exf6 Nxf6 15.
Nf3 hxg3 16. hxg3 Ne4 17. Ne5 Bxe5 18. dxe5 Qd8 19. f4 Kh8 20. Qh5 Qb6+ 21. Kh2
Qf2 22. Rxe4 dxe4 23. Ba3 Rg8 24. Qh4 c5 25. Rf1 Qe3 26. g4 Qd4 27. Qe7 Qd8 28.
Qxf7 Qh4+ 29. Bh3 Rxg4 30. Qf6+ Qxf6 31. exf6 Rh4 32. Kg3 Rxh3+ 33. Kxh3 Bf5+
34. Kg3 b6 35. Bb2 1/2-1/2

[Event "Sodingen 2- Kamen 2"]
[Site "?"]
[Date "2022.11.06"]
[Round "4.3"]
[White "Koch, Marcel"]
[Black "Reinholz, Benjamin"]
[Result "0-1"]
[WhiteElo "1902"]
[BlackElo "1938"]
[PlyCount "82"]
[SourceDate "2022.10.02"]

1. d4 f5 2. g3 Nf6 3. Bg2 d5 4. Nf3 Nc6 5. O-O e6 6. b3 Bd7 7. Bb2 Bd6 8. e3
Qe7 9. Nbd2 O-O 10. c4 b6 11. Qe2 Rae8 12. Ne5 Bxe5 13. dxe5 Ne4 14. cxd5 exd5
15. f4 Rc8 16. Rfd1 Rfd8 17. Rac1 Nb8 18. Nf3 Be6 19. Nd4 c5 20. Nb5 Nc6 21.
Bxe4 dxe4 22. Nd6 Rc7 23. Ba3 a5 24. Qb5 Rb8 25. Rd2 Na7 26. Qe2 Nc8 27. Rcd1
Rd7 28. Qb5 Nxd6 29. Rxd6 Rbb7 30. Kg2 Kf7 31. Rxb6 Rxb6 32. Rxd7 Rxb5 33.
Rxe7+ Kxe7 34. h3 Kd7 35. g4 Kc6 36. Kg3 Rb8 37. Kh4 Rd8 38. Kg5 h6+ 39. Kg6
fxg4 40. hxg4 Bxg4 41. Kxg7 h5 0-1

[Event "Sodingen 2- Kamen 2"]
[Site "?"]
[Date "2022.11.06"]
[Round "4.4"]
[White "Haberhausen, Ansgar"]
[Black "Riemer, Dominik"]
[Result "1/2-1/2"]
[WhiteElo "2136"]
[BlackElo "1786"]
[PlyCount "190"]
[SourceDate "2022.10.02"]

1. d4 Nf6 2. Nf3 g6 3. c4 Bg7 4. Nc3 O-O 5. Bg5 d6 6. e3 c5 7. Be2 Bf5 8. O-O
Ne4 9. Nxe4 Bxe4 10. Nd2 Bc6 11. d5 Bd7 12. Qc2 Na6 13. a3 Nc7 14. Rab1 h6 15.
Bh4 g5 16. Bg3 b5 17. h4 f5 18. f3 f4 19. exf4 gxf4 20. Bf2 bxc4 21. Bxc4 e5
22. dxe6 Bxe6 23. Rfe1 d5 24. Bd3 c4 25. Bg6 Rb8 26. Bxa7 Qxh4 27. Nf1 Rxb2 28.
Bf2 Rxc2 29. Bxh4 Bd4+ 30. Kh2 Rb2 31. Rxb2 Bxb2 32. Be7 Rc8 33. Bd6 Kg7 34.
Bc2 Kf7 35. Bxf4 Bxa3 36. Ra1 Bc5 37. Ng3 Nb5 38. Nf5 Nd4 39. Nxh6+ Kf6 40. Bd1
c3 41. Ra6 Rh8 42. g4 c2 43. g5+ Ke7 44. Bxc2 Nxc2 45. Be5 Rf8 46. f4 Nd4 47.
Kg2 Nf5 48. Ng4 Nh4+ 49. Kg3 Ng6 50. Rc6 Bxg4 51. Bf6+ Rxf6 52. gxf6+ Kf7 53.
Kxg4 Be3 54. Kf5 Bxf4 55. Rb6 Bc7 56. Rb7 Nh4+ 57. Kg4 Kxf6 58. Rxc7 Ng6 59.
Rc6+ Kf7 60. Rd6 Ne7 61. Kg5 Kg7 62. Kf4 Kf7 63. Ke5 d4 64. Rd7 Ke8 65. Ke6 Nc6
66. Rd6 Nd8+ 67. Kf6 d3 68. Rxd3 Nf7 69. Re3+ Kf8 70. Ra3 Ke8 71. Ra6 Nd8 72.
Ra7 Nc6 73. Rc7 Nd8 74. Re7+ Kf8 75. Re2 Nf7 76. Re1 Nd8 77. Re2 Nf7 78. Rh2
Ke8 79. Rd2 Nd8 80. Rd6 Nf7 81. Re6+ Kf8 82. Re4 Nd8 83. Rc4 Ke8 84. Rc7 Kf8
85. Re7 Nc6 86. Rd7 Ke8 87. Rc7 Nd8 88. Rh7 Nc6 89. Rc7 Nd8 90. Ra7 Nc6 91. Rg7
Nd8 92. Rc7 Kf8 93. Rg7 Ke8 94. Rh7 Nc6 95. Ke6 Nd8+ 1/2-1/2

[Event "Sodingen 2- Kamen 2"]
[Site "?"]
[Date "2022.11.06"]
[Round "4.5"]
[White "Zeitz, Max"]
[Black "Plotkin, Alexander"]
[Result "1-0"]
[WhiteElo "1619"]
[BlackElo "1596"]
[PlyCount "97"]
[SourceDate "2022.10.02"]

1. e4 c6 2. d4 d5 3. Nd2 dxe4 4. Nxe4 Bf5 5. Ng3 Bg6 6. N1e2 e6 7. h4 h6 8. Nf4
Bh7 9. c3 Nf6 10. Bd3 Bd6 11. Bxh7 Rxh7 12. Qd3 Nbd7 13. Nfh5 Bxg3 14. Nxg3 Qc7
15. Bd2 O-O-O 16. O-O-O Qa5 17. Kb1 Nc5 18. Qc2 Na4 19. Rhe1 Qa6 20. b3 Nb6 21.
Ne4 Nxe4 22. Qxe4 Rhh8 23. c4 Nd7 24. Bf4 Rhe8 25. Bg3 e5 26. dxe5 Re7 27. Qf4
Qa5 28. f3 Rde8 29. Rxd7 Rxd7 30. e6 Rc7 31. Qxc7+ Qxc7 32. Bxc7 Kxc7 33. exf7
Rf8 34. Re7+ Kb6 35. g4 g5 36. hxg5 hxg5 37. b4 c5 38. b5 a6 39. a4 axb5 40.
axb5 Ka5 41. Rxb7 Kb4 42. Re7 Kc3 43. b6 Rh8 44. b7 Rh1+ 45. Ka2 Rh2+ 46. Ka3
Rh1 47. Ka4 Kxc4 48. Re4+ Kd5 49. f8=Q 1-0

[Event "Sodingen 2- Kamen 2"]
[Site "?"]
[Date "2022.11.06"]
[Round "4.6"]
[White "Schriewer, Thomas"]
[Black "Bui, Hoan Tam"]
[Result "1-0"]
[WhiteElo "1957"]
[BlackElo "1606"]
[PlyCount "55"]
[SourceDate "2022.10.02"]

1. d4 d5 2. c4 c6 3. Nf3 Nf6 4. Nc3 dxc4 5. a4 Bf5 6. Ne5 Nbd7 7. Nxc4 Qc7 8.
g3 e5 9. dxe5 Nxe5 10. Bf4 Nfd7 11. Bg2 g5 12. Ne3 gxf4 13. Nxf5 O-O-O 14. Qc2
a5 15. O-O fxg3 16. hxg3 Nc5 17. Rad1 h5 18. Rxd8+ Qxd8 19. Rd1 Qf6 20. Ne4
Nxe4 21. Qxe4 Ng6 22. Qe8+ Kc7 23. Rd7+ Kb6 24. Qc8 Kc5 25. Rd5+ Kb6 26. Rb5+
cxb5 27. Qxb7+ Kc5 28. Qxb5# 1-0

[Event "Sodingen 2- Kamen 2"]
[Site "?"]
[Date "2022.11.06"]
[Round "4.7"]
[White "Bals, Thabo"]
[Black "Lucke, Thomas"]
[Result "1/2-1/2"]
[WhiteElo "1570"]
[BlackElo "1890"]
[PlyCount "88"]
[SourceDate "2022.10.02"]

1. e4 c6 2. d4 d5 3. exd5 cxd5 4. Nc3 Nc6 5. Nf3 Nf6 6. Bf4 a6 7. g3 Bg4 8. Bg2
e6 9. Qd2 Bb4 10. Ne5 Bf5 11. O-O Rc8 12. a3 Bxc3 13. bxc3 O-O 14. Rfb1 Na5 15.
Ra2 Nd7 16. Bf1 Nxe5 17. dxe5 Qc7 18. Qe1 Nc4 19. Rb4 Rfd8 20. Bxc4 dxc4 21.
Rab2 b5 22. a4 Rb8 23. axb5 axb5 24. Rxb5 Rxb5 25. Rxb5 Qc6 26. Rb1 Bh3 27. f3
Qxf3 28. Qd2 Qa8 29. Qe2 h5 30. Kf2 Qg2+ 31. Ke3 Qd5 32. Qxh5 Qd2+ 33. Kf3 Bg2+
34. Kg4 Qxc3 35. Qg5 Rf8 36. Rc1 Qf3+ 37. Kh4 Qe2 38. h3 f6 39. Qg6 Be4 40. Qg4
g5+ 41. Bxg5 Qxg4+ 42. Kxg4 fxg5 43. Kxg5 Kg7 44. g4 Rf7 1/2-1/2

[Event "Sodingen 2- Kamen 2"]
[Site "?"]
[Date "2022.11.06"]
[Round "4.8"]
[White "Cobanoglu, Ferhat"]
[Black "Markert, Dirk"]
[Result "0-1"]
[WhiteElo "1859"]
[BlackElo "1875"]
[Annotator "daniel"]
[PlyCount "106"]
[SourceDate "2022.10.02"]

1. e4 e6 2. d3 d5 3. c3 c5 4. Nd2 Nc6 5. Ngf3 Nf6 6. Be2 g6 7. a3 Bg7 8. O-O
O-O 9. b4 cxb4 10. axb4 Qc7 11. Bb2 Rd8 12. Qb1 b6 13. c4 Bb7 14. cxd5 exd5 15.
b5 Ne7 16. e5 Nh5 17. Rc1 Qd7 18. d4 Nf4 19. Bf1 Nf5 20. g3 Ne6 21. Qd3 h5 22.
Bh3 Ne7 23. Ng5 Rdc8 24. Nxe6 Rxc1+ 25. Bxc1 fxe6 26. Nf3 Nf5 27. Bg5 Qf7 28.
Ne1 Kh7 29. Bd2 Bh6 30. Bb4 Bf8 $11 31. Nf3 Bh6 32. Ra2 Qd7 33. Bf1 Qf7 34. Qa3
Kg8 35. Rc2 Kh8 36. Be2 g5 37. Qd3 a5 38. bxa6 Bxa6 39. Qd1 Bxe2 40. Rxe2 g4
41. Ne1 Rc8 42. Ba3 Rc4 43. Bb2 Qa7 44. Qd3 b5 45. Nc2 Qa4 46. Kg2 b4 47. Ne3
Bxe3 48. fxe3 b3 49. e4 dxe4 50. Qxe4 Rc2 51. Kf2 Qc4 52. Ke1 Rxb2 53. Rxb2
Qc1+ 0-1

[Event "Altenessen- Bochum 2"]
[Site "?"]
[Date "2022.11.06"]
[Round "4.1"]
[White "Butschek, Marc"]
[Black "Praß, Marian"]
[Result "1-0"]
[WhiteElo "1971"]
[BlackElo "1928"]
[PlyCount "67"]
[SourceDate "2022.10.02"]

1. e4 e5 2. Bc4 Nc6 3. Nf3 Nf6 4. d3 Bc5 5. Nbd2 d6 6. h3 a6 7. a4 Ba7 8. c3 h6
9. Ba2 Qe7 10. Nf1 Be6 11. Bxe6 Qxe6 12. Ne3 Ne7 13. Qe2 Nd7 14. b4 g6 15. Bb2
f5 16. Nd2 Nf6 17. c4 c6 18. Nc2 O-O 19. O-O-O fxe4 20. Nxe4 Nxe4 21. Qxe4 Rf4
22. Qe1 Bxf2 23. Qe2 Raf8 24. d4 e4 25. d5 cxd5 26. cxd5 Qf5 27. Qd2 Rc8 28. g4
Qf7 29. Kb1 Kh7 30. Rhf1 Rf8 31. Nd4 Qxd5 32. Qc1 Rc8 33. Qxf4 g5 34. Qxf2 1-0

[Event "Altenessen- Bochum 2"]
[Site "?"]
[Date "2022.11.06"]
[Round "4.2"]
[White "Rohloff, Markus"]
[Black "Hofmann, Benjamin"]
[Result "0-1"]
[WhiteElo "1880"]
[BlackElo "1676"]
[PlyCount "112"]
[SourceDate "2022.10.02"]

1. e4 e5 2. f4 exf4 3. Nf3 d5 4. exd5 Qxd5 5. Nc3 Qd8 6. d4 Nf6 7. Bxf4 Be7 8.
Bd3 Bg4 9. O-O Nc6 10. Nb5 Nd5 11. Qd2 a6 12. c4 axb5 13. cxd5 Qxd5 14. Rae1
Bxf3 15. Rxf3 O-O-O 16. Rxe7 Nxe7 17. Qa5 Qxd4+ 18. Kh1 Qb6 19. Qxb6 cxb6 20.
h3 Rxd3 21. Rxd3 Rd8 22. Rc3+ Nc6 23. Be3 b4 24. Rc4 Rd1+ 25. Kh2 Rb1 26. Rc2
Kd7 27. Bxb6 Ke6 28. Re2+ Kf6 29. Rf2+ Kg6 30. b3 Re1 31. Bc5 Re5 32. Rc2 Kf5
33. Rc4 Re2 34. Bxb4 Rxa2 35. Rc5+ Ke6 36. Rb5 Nxb4 37. Rxb4 Ra7 38. Kg3 Kd5
39. Rc4 b5 40. Rf4 f6 41. Rf5+ Kc6 42. Kg4 Ra3 43. Rf3 Kc5 44. Kf5 Kb4 45. Ke6
Rxb3 46. Rf4+ Ka3 47. Rg4 g6 48. Kxf6 Rb4 49. Rg5 Ka4 50. Kg7 Rh4 51. Re5 b4
52. Re8 b3 53. Ra8+ Kb4 54. Rb8+ Ka3 55. Ra8+ Ra4 56. Rb8 Ra7+ 0-1

[Event "Altenessen- Bochum 2"]
[Site "?"]
[Date "2022.11.06"]
[Round "4.3"]
[White "Walny, Benjamin"]
[Black "Kordonowski, Frank"]
[Result "0-1"]
[WhiteElo "1806"]
[BlackElo "2034"]
[PlyCount "70"]
[SourceDate "2022.10.02"]

1. e4 d6 2. d4 Nf6 3. Nc3 c6 4. Bf4 Qa5 5. Qd2 e5 6. Bg5 Be7 7. Bxf6 Bxf6 8. d5
Be7 9. Bc4 O-O 10. f4 b5 11. Bd3 b4 12. Nce2 cxd5 13. exd5 f5 14. fxe5 dxe5 15.
Bc4 Bd6 16. Nf3 Qc5 17. b3 h6 18. Nc1 Nd7 19. Nd3 Qb6 20. Qf2 e4 21. Qh4 exf3
22. O-O-O f2 23. Rhf1 Nf6 24. Rxf2 Ne4 25. Rf3 Bd7 26. Nf4 Qa5 27. Kb1 Qa3 28.
Ne2 Be5 29. c3 bxc3 30. Kc2 Qb2+ 31. Kd3 Rae8 32. b4 Bf6 33. Qe1 Qxb4 34. Rb1
Nc5+ 35. Kc2 Qxc4 0-1

[Event "Altenessen- Bochum 2"]
[Site "?"]
[Date "2022.11.06"]
[Round "4.4"]
[White "Cavasin, Joerg"]
[Black "Gausmann, Thomas"]
[Result "1/2-1/2"]
[WhiteElo "1885"]
[BlackElo "1705"]
[PlyCount "58"]
[SourceDate "2022.10.02"]

1. c4 e6 2. g3 d5 3. b3 d4 4. Nf3 Nc6 5. Bg2 e5 6. d3 Bb4+ 7. Nbd2 a5 8. O-O
Nf6 9. a3 Bc5 10. h3 O-O 11. Rb1 Qe7 12. a4 Re8 13. Ng5 Nd7 14. Nge4 Bb4 15.
Nf3 f5 16. Ned2 Nf6 17. Ne1 e4 18. Nc2 Bd7 19. Bb2 Bc5 20. Kh2 Rad8 21. Rc1 Bc8
22. Nb1 Nb4 23. Nba3 c6 24. Nxb4 Bxb4 25. Nc2 Bc5 26. Rb1 Qd6 27. Bc1 Re6 28.
Bf4 Qe7 29. Bd2 b6 1/2-1/2

[Event "Altenessen- Bochum 2"]
[Site "?"]
[Date "2022.11.06"]
[Round "4.5"]
[White "Butschek, Gerhard"]
[Black "Drawe, Thomas"]
[Result "0-1"]
[WhiteElo "1664"]
[BlackElo "2069"]
[PlyCount "56"]
[SourceDate "2022.10.02"]

1. g3 g6 2. Bg2 Bg7 3. d4 d6 4. e4 Nd7 5. Ne2 e5 6. d5 Ngf6 7. O-O O-O 8. c4
Nc5 9. Nbc3 a5 10. Be3 b6 11. a3 Ng4 12. Bxc5 bxc5 13. h3 Nh6 14. Kh2 f5 15. f4
fxe4 16. Bxe4 Nf5 17. Bxf5 Bxf5 18. Qd2 h5 19. fxe5 Bxe5 20. Nf4 Qd7 21. Qg2
Rab8 22. Nb5 h4 23. Kh1 Bxf4 24. gxf4 Bd3 25. Rf2 Qf5 26. Kh2 Bxc4 27. Nxc7 Rb3
28. Rg1 Rg3 0-1

[Event "Altenessen- Bochum 2"]
[Site "?"]
[Date "2022.11.06"]
[Round "4.6"]
[White "Praßer, Peter"]
[Black "Bruegmann, Cedric"]
[Result "1/2-1/2"]
[WhiteElo "1664"]
[BlackElo "1396"]
[PlyCount "46"]
[SourceDate "2022.10.02"]

1. d4 Nf6 2. c4 c6 3. Nc3 d5 4. cxd5 cxd5 5. Nf3 Nc6 6. e3 a6 7. Bd3 e6 8. O-O
Bd6 9. e4 dxe4 10. Nxe4 Nxe4 11. Bxe4 Qc7 12. Be3 O-O 13. Rc1 f5 14. Bb1 f4 15.
Qd3 Rf5 16. Bd2 Qe7 17. a3 Bd7 18. Rce1 Nd8 19. Qb3 Rh5 20. Bd3 Bc6 21. Be4 Bb5
22. Bd3 Bc6 23. Be4 Bb5 1/2-1/2

[Event "Altenessen- Bochum 2"]
[Site "?"]
[Date "2022.11.06"]
[Round "4.8"]
[White "Ressel, Joerg"]
[Black "Benning, Martin"]
[Result "1/2-1/2"]
[WhiteElo "1423"]
[BlackElo "1678"]
[PlyCount "28"]
[SourceDate "2022.10.02"]

1. e4 c5 2. Nf3 e6 3. Be2 Nc6 4. d3 Nf6 5. Nc3 d5 6. exd5 Nxd5 7. Nxd5 exd5 8.
O-O Be7 9. c3 O-O 10. Re1 Be6 11. Bf4 d4 12. c4 h6 13. Bd2 Qc7 14. Qc1 Ne5
1/2-1/2

[Event "Brambauer- Kirchhellen"]
[Site "?"]
[Date "2022.11.06"]
[Round "4.1"]
[White "Schlueter, Christoph"]
[Black "Remmler, Volker"]
[Result "1/2-1/2"]
[WhiteElo "2139"]
[BlackElo "2141"]
[PlyCount "59"]
[SourceDate "2022.10.02"]

1. e4 g6 2. d4 Bg7 3. Nc3 d6 4. f4 c6 5. Be3 Nd7 6. Nf3 f5 7. Ng5 Ndf6 8. e5
Nd5 9. Nxd5 cxd5 10. Bb5+ Kf8 11. O-O h6 12. Nf3 e6 13. Qd3 a6 14. Qa3 Rb8 15.
Bd3 Ke8 16. Bf2 Bf8 17. Qb3 Bd7 18. Rae1 Kf7 19. c3 Kg7 20. Re3 g5 21. Qd1 g4
22. Nh4 dxe5 23. fxe5 Ne7 24. Bg3 h5 25. Bf4 Bb5 26. Bg5 Bxd3 27. Rxd3 Rh7 28.
Qd2 Qd7 29. Bf6+ Kf7 30. Bg5 1/2-1/2

[Event "Brambauer- Kirchhellen"]
[Site "?"]
[Date "2022.11.06"]
[Round "4.2"]
[White "Koth, Stefan"]
[Black "Sinnwell, Horst"]
[Result "1/2-1/2"]
[WhiteElo "2126"]
[BlackElo "2018"]
[PlyCount "56"]
[SourceDate "2022.10.02"]

1. c4 e6 2. Nf3 d5 3. e3 Nf6 4. Nc3 Be7 5. b3 O-O 6. Bb2 c5 7. Qc2 Nc6 8. a3 a6
9. h4 d4 10. Na4 e5 11. Ng5 Rb8 12. Be2 Qd6 13. Nb6 Be6 14. Bf3 Nb4 15. axb4
Qxb6 16. bxc5 Bxc5 17. O-O Rfd8 18. Rfe1 h6 19. Nxe6 Qxe6 20. exd4 Bxd4 21. Bc3
Qd6 22. Re2 Rd7 23. Rae1 b6 24. Bxd4 exd4 25. d3 Qf4 26. Bc6 Rdd8 27. g3 Qd6
28. Bf3 Re8 1/2-1/2

[Event "Brambauer- Kirchhellen"]
[Site "?"]
[Date "2022.11.06"]
[Round "4.3"]
[White "Hoffterheide, Thomas"]
[Black "Wagner, Norbert"]
[Result "1-0"]
[WhiteElo "1950"]
[BlackElo "2144"]
[PlyCount "37"]
[SourceDate "2022.10.02"]

1. e4 d5 2. exd5 Qxd5 3. d4 Nc6 4. Nf3 e5 5. Nc3 Bb4 6. Bd2 Bxc3 7. Bxc3 e4 8.
Ne5 Nxe5 9. dxe5 Qxd1+ 10. Rxd1 Ne7 11. Bc4 Bf5 12. O-O O-O 13. e6 fxe6 14. Rd7
Rf7 15. f3 exf3 16. Rxf3 g6 17. Rxf5 Nxf5 18. Bxe6 Nd6 19. Rxc7 1-0

[Event "Brambauer- Kirchhellen"]
[Site "?"]
[Date "2022.11.06"]
[Round "4.4"]
[White "Zimmermann, Dirk"]
[Black "Andersen, Knut"]
[Result "1-0"]
[WhiteElo "1880"]
[BlackElo "2119"]
[PlyCount "133"]
[SourceDate "2022.10.02"]

1. d4 Nf6 2. Bg5 d5 3. e3 Nbd7 4. c4 e6 5. Nc3 Be7 6. Nf3 h6 7. Bh4 c6 8. Rc1
O-O 9. Bd3 Re8 10. O-O b6 11. Qe2 Bb7 12. Rfd1 Ne4 13. Bxe7 Nxc3 14. Rxc3 Qxe7
15. h3 c5 16. e4 cxd4 17. Nxd4 Nc5 18. exd5 exd5 19. Qxe7 Rxe7 20. Nf5 Rd7 21.
Bc2 Kf8 22. b4 Na6 23. a3 Rc7 24. Bb3 b5 25. c5 Rd8 26. Rcd3 Rcd7 27. Nd6 Bc6
28. Bxd5 Bxd5 29. Rxd5 Nb8 30. Re1 Nc6 31. Rd3 a5 32. Rde3 g6 33. Re4 axb4 34.
axb4 Ra7 35. Nxb5 Ra4 36. Nd6 Rxb4 37. Re8+ Rxe8 38. Rxe8+ Kg7 39. Rc8 Rb1+ 40.
Kh2 Ne5 41. c6 Rc1 42. c7 Nd7 43. Rd8 Nb6 44. c8=Q Nxc8 45. Rxc8 Rd1 46. Ne4
Rd4 47. f3 Rd7 48. Kg3 Ra7 49. Nd6 Ra6 50. Ne8+ Kh7 51. Rd8 Re6 52. Nd6 Re7 53.
h4 Kg7 54. Kf4 Kh7 55. g4 Kg7 56. Ne4 f6 57. Rd6 Rf7 58. Rb6 f5 59. Nd6 Ra7 60.
gxf5 Ra4+ 61. Ne4 gxf5 62. Kxf5 Ra3 63. f4 Rh3 64. Kg4 Rh1 65. f5 Rg1+ 66. Ng3
h5+ 67. Kf4 1-0

[Event "Brambauer- Kirchhellen"]
[Site "?"]
[Date "2022.11.06"]
[Round "4.5"]
[White "Borgs, Martin"]
[Black "Jochmann, Christian"]
[Result "1/2-1/2"]
[WhiteElo "1939"]
[BlackElo "1995"]
[PlyCount "45"]
[SourceDate "2022.10.02"]

1. d4 Nf6 2. Nf3 d5 3. g3 e6 4. Bg2 c5 5. O-O cxd4 6. Nxd4 Nc6 7. c4 Be7 8. Nc3
O-O 9. cxd5 Nxd5 10. Nxd5 exd5 11. Be3 Be6 12. Rc1 Qd7 13. Nxc6 bxc6 14. Qa4
Rfc8 15. Bc5 Bf6 16. b3 Qb7 17. Rfd1 g6 18. e3 Qb5 19. Qa3 Bf5 20. Bf1 Qb7 21.
Bd4 Be7 22. Bc5 Bf6 23. Bd4 1/2-1/2

[Event "Brambauer- Kirchhellen"]
[Site "?"]
[Date "2022.11.06"]
[Round "4.6"]
[White "Czeratzki, Michael"]
[Black "Schueppel, Werner"]
[Result "0-1"]
[WhiteElo "2029"]
[BlackElo "1967"]
[PlyCount "46"]
[SourceDate "2022.10.02"]

1. d4 g6 2. e3 Bg7 3. Bd3 d6 4. c3 Nd7 5. Ne2 e5 6. Nd2 Ne7 7. O-O O-O 8. e4
Nc6 9. d5 Ne7 10. Nf3 h6 11. Bd2 f5 12. h3 f4 13. Kh1 Nf6 14. Neg1 g5 15. Nh2
h5 16. g3 Qe8 17. Qe2 Qg6 18. gxf4 gxf4 19. c4 Bh6 20. Qf3 Kf7 21. Ne2 Qg5 22.
Ng3 Bxh3 23. Rg1 Qh4 0-1

[Event "Brambauer- Kirchhellen"]
[Site "?"]
[Date "2022.11.06"]
[Round "4.7"]
[White "Belitz, Marco"]
[Black "Bracht, Michael"]
[Result "0-1"]
[WhiteElo "1900"]
[BlackElo "1892"]
[Annotator "daniel"]
[PlyCount "80"]
[SourceDate "2022.10.02"]

1. e4 d6 2. d4 g6 3. Nf3 Bg7 4. Bc4 Nf6 5. Qe2 d5 6. exd5 Nxd5 7. c3 c6 8. O-O
Bg4 9. Re1 e6 10. h3 Bxf3 11. Qxf3 O-O 12. Nd2 Nd7 13. Qg3 N7f6 14. Bb3 Qb8 15.
Qf3 Nb6 16. Ne4 Nxe4 17. Rxe4 Nd5 18. Bg5 b5 19. Rh4 Qd6 20. Re1 Rfe8 21. Rhe4
a5 22. Bc2 $11 c5 23. dxc5 Qxc5 24. Bb3 Ne7 25. Bf6 Nf5 26. Bxg7 Nxg7 27. Rf4
Ra7 28. Rd1 Nf5 29. Bc2 Ng7 30. Rfd4 b4 31. c4 h5 32. b3 Rae7 33. Rf4 e5 34.
Rf6 e4 35. Qe3 Qe5 36. Rfd6 Nf5 37. Qb6 Nxd6 38. Rxd6 Re6 39. c5 e3 40. Rxe6
Rxe6 0-1

[Event "Brambauer- Kirchhellen"]
[Site "?"]
[Date "2022.11.06"]
[Round "4.8"]
[White "Thormann, Andre"]
[Black "Gajda, Peter"]
[Result "1-0"]
[WhiteElo "2060"]
[BlackElo "1815"]
[PlyCount "153"]
[SourceDate "2022.10.02"]

1. d4 g6 2. Bf4 Bg7 3. c3 d6 4. e3 Nf6 5. Nf3 O-O 6. Nbd2 Nbd7 7. Bc4 c5 8. O-O
cxd4 9. exd4 d5 10. Bb3 b6 11. Re1 Ba6 12. Ne5 Rc8 13. Ndf3 e6 14. Qc1 Nxe5 15.
Nxe5 Ne4 16. f3 Nd6 17. Bc2 Nc4 18. Ng4 Nd6 19. Bg5 Qc7 20. Nf6+ Kh8 21. Qf4
Ne8 22. Re5 Nxf6 23. Bxf6 Bxf6 24. Qxf6+ Kg8 25. Rae1 Rce8 26. Qh4 Qd8 27. Qh6
Qf6 28. h4 Qg7 29. Qe3 Bc8 30. Rxd5 exd5 31. Qxe8 Be6 32. Qe7 Qh6 33. Qg5 Qg7
34. Ba4 Rc8 35. Qe7 Rf8 36. Bc6 Qh6 37. Qg5 Qg7 38. Bxd5 Bxd5 39. Qxd5 Qf6 40.
g3 Rd8 41. Qe4 Qd6 42. Kf2 Rf8 43. Qe5 Qc6 44. h5 gxh5 45. Qxh5 Qa4 46. a3 Re8
47. Qg5+ Kf8 48. Rxe8+ Kxe8 49. Qe5+ Kf8 50. Qh8+ Ke7 51. Qxh7 Qd1 52. Qe4+ Kf8
53. g4 Qh1 54. Qe2 Qh4+ 55. Ke3 Qg5+ 56. f4 Qd5 57. Kd2 Qb3 58. Kc1 Qa2 59. Kc2
Qd5 60. g5 Qf5+ 61. Kb3 Qxf4 62. Qe5 Qd2 63. Qh8+ Ke7 64. Qf6+ Ke8 65. g6 fxg6
66. Qxg6+ Kd8 67. Qd6+ Kc8 68. d5 Qd1+ 69. Ka2 Qd3 70. Qc6+ Kd8 71. d6 Qe3 72.
d7 Qc5 73. Qxc5 bxc5 74. Kb3 Kxd7 75. Ka4 Kc7 76. Kb5 Kd6 77. c4 1-0

[Event "Borbeck 2- Osterfeld"]
[Site "?"]
[Date "2022.11.06"]
[Round "4.1"]
[White "Laudage, Bernd"]
[Black "Strauß, Dirk"]
[Result "1/2-1/2"]
[WhiteElo "2159"]
[BlackElo "1921"]
[PlyCount "39"]
[SourceDate "2022.10.02"]

1. e4 c5 2. Nc3 e6 3. g3 d5 4. d3 d4 5. Nce2 Nc6 6. Bg2 Be7 7. f4 h5 8. h3 Qd7
9. Nf3 b6 10. O-O Bb7 11. a3 f5 12. e5 h4 13. Qe1 hxg3 14. Qxg3 O-O-O 15. Bd2
Nh6 16. Rad1 Nf7 17. Qg6 Bh4 18. Be1 Bxe1 19. Rdxe1 Rdg8 20. Nc1 1/2-1/2

[Event "Borbeck 2- Osterfeld"]
[Site "?"]
[Date "2022.11.06"]
[Round "4.2"]
[White "Kindermann, Carsten"]
[Black "Heisterkamp, Oliver"]
[Result "1/2-1/2"]
[WhiteElo "1924"]
[BlackElo "1938"]
[PlyCount "32"]
[SourceDate "2022.10.02"]

1. e4 d5 2. exd5 Qxd5 3. Nc3 Qd6 4. d4 Nf6 5. g3 c6 6. Bf4 Qd8 7. Bg2 Bg4 8. f3
Bf5 9. Nge2 e6 10. g4 Bg6 11. a3 Bd6 12. Qd2 h6 13. O-O-O Nd5 14. Bxd6 Qxd6 15.
Ne4 Qc7 16. c4 Nf6 1/2-1/2

[Event "Borbeck 2- Osterfeld"]
[Site "?"]
[Date "2022.11.06"]
[Round "4.4"]
[White "Dippel, Olaf"]
[Black "Fiori, Bruno"]
[Result "1-0"]
[WhiteElo "1765"]
[BlackElo "2073"]
[PlyCount "77"]
[SourceDate "2022.10.02"]

1. d4 d5 2. Nf3 Nf6 3. c4 e6 4. Bg5 Be7 5. e3 O-O 6. Nc3 b6 7. cxd5 exd5 8. Bd3
Bb7 9. O-O Nbd7 10. Qc2 c5 11. Rac1 g6 12. Bh6 Re8 13. h3 c4 14. Be2 a6 15. a4
Qc7 16. b3 Ba3 17. Ra1 Bb4 18. bxc4 dxc4 19. Bf4 Qc6 20. Rfc1 b5 21. Bh2 Nb6
22. axb5 axb5 23. Qb2 Bxc3 24. Qxc3 Nfd5 25. Qe1 f6 26. Qf1 Qe6 27. Kh1 Bc6 28.
Rxa8 Rxa8 29. Ra1 Qc8 30. e4 Nc3 31. d5 Rxa1 32. Qxa1 Nxe2 33. Qxf6 Qf8 34.
Qxc6 c3 35. Ng5 Qxf2 36. Qe6+ Kg7 37. Be5+ Kh6 38. Nf7+ Qxf7 39. Qxf7 1-0

[Event "Borbeck 2- Osterfeld"]
[Site "?"]
[Date "2022.11.06"]
[Round "4.5"]
[White "Bensch, Arnold"]
[Black "Braun, Joshua"]
[Result "0-1"]
[WhiteElo "1863"]
[BlackElo "1613"]
[PlyCount "140"]
[SourceDate "2022.10.02"]

1. e4 c5 2. Nf3 d6 3. d4 cxd4 4. Nxd4 Nf6 5. f3 g6 6. c4 Bg7 7. Be3 Bd7 8. Qd2
Nc6 9. Nc3 Rc8 10. Rc1 a6 11. b3 Qa5 12. Bd3 Nxd4 13. Bxd4 O-O 14. O-O Qh5 15.
Be3 Qa5 16. Bh6 Qc5+ 17. Kh1 Qb6 18. Bxg7 Kxg7 19. Qb2 Kg8 20. Rcd1 Qb4 21. f4
Bc6 22. Nd5 Bxd5 23. exd5 b5 24. Qe2 Rce8 25. cxb5 Nxd5 26. bxa6 Nxf4 27. Qe4
Nxd3 28. Qxd3 Qa5 29. Rf4 Qxa2 30. Ra4 Qf2 31. b4 Rc8 32. b5 Rc2 33. Rg1 Rfc8
34. Qa3 R2c3 35. Qa1 Qc5 36. Qxc3 Qxc3 37. b6 Qb3 38. b7 Rb8 39. Raa1 Rxb7 40.
a7 Rxa7 41. Rxa7 Qe3 42. Rd7 Qe4 43. h3 d5 44. Rd1 e6 45. Rf1 Kg7 46. Rfxf7+
Kh6 47. Rxh7+ Kg5 48. Rhf7 d4 49. Rf3 e5 50. Kh2 Qc6 51. Rd8 Qc7 52. Rd5 Kh6
53. Rg3 Qe7 54. Kg1 Kg7 55. Kh1 Kf6 56. Rg4 Qe6 57. Rd8 Ke7 58. Ra8 d3 59. Ra7+
Kf6 60. Ra3 Qd6 61. Ra1 d2 62. Rf1+ Ke7 63. Rd1 Qd3 64. Ra4 Qc2 65. Raa1 e4 66.
Kg1 e3 67. Kf1 Qd3+ 68. Kg1 e2 69. Rdb1 d1=Q+ 70. Rxd1 exd1=Q+ 0-1

[Event "Borbeck 2- Osterfeld"]
[Site "?"]
[Date "2022.11.06"]
[Round "4.6"]
[White "Kalkhoff, Thomas"]
[Black "Gebauer, Reinhard"]
[Result "1/2-1/2"]
[WhiteElo "1887"]
[BlackElo "1910"]
[PlyCount "72"]
[SourceDate "2022.10.02"]

1. d4 d5 2. Nf3 Bf5 3. c4 e6 4. Nc3 Nc6 5. a3 Nf6 6. Bg5 Be7 7. e3 O-O 8. Bd3
Bg4 9. Qc2 h6 10. Bh4 dxc4 11. Bxc4 Bf5 12. Bd3 Bxd3 13. Qxd3 e5 14. Qc4 exd4
15. O-O-O Na5 16. Qa4 c5 17. exd4 c4 18. Rhe1 b6 19. Ne5 Rc8 20. Kb1 g5 21. Bg3
a6 22. h4 b5 23. Qc2 b4 24. hxg5 bxc3 25. gxf6 Bxf6 26. Qxc3 Nc6 27. Nxc6 Rxc6
28. Be5 Bxe5 29. dxe5 Qg5 30. g3 Qf5+ 31. Qc2 Qe6 32. Re3 Rb8 33. Rc3 Rcb6 34.
f4 Rxb2+ 35. Qxb2 Rxb2+ 36. Kxb2 Qb6+ 1/2-1/2